Zhou yi Yao shi xue /

Saved in:
நூற்பட்டியல் விவரங்கள்
தலைமை எழுத்தாளர்: Yao, Peizhong, 1792-1845.
குழும எழுத்தாளர்: Puban Collection.
வடிவம்: புத்தகம்
மொழி:Chinese
வெளியீடப்பட்டது: [Jiangyin] : Nan jing shu yuan, Guangxu 14 [1888]
தொகுதி:Huang Qing jing jie xu bian ; 200-203.
பகுதிகள்:
குறியீடுகள்: குறிச்சொல் இணை
குறியீடுகள் இல்லை, இந்த குறிச்சொல்லை முதலில் பதிவு செய்யுங்கள்!
LEADER 01089cam a2200313ua 4500
001 007740233-2
005 20024617111505.0
008 961205s1888 cc 000 0 chi d
035 0 |a ocn976823926 
035 0 |a ocm36133034 
040 |a CaBVaU  |c CaBVaU  |d OCoLC  |d *YNH*  |d CStRLIN 
100 1 |6 880-01  |a Yao, Peizhong,  |d 1792-1845. 
245 1 0 |6 880-02  |a Zhou yi Yao shi xue /  |c Yao Peizhong. 
260 |6 880-03  |a [Jiangyin] :  |b Nan jing shu yuan,  |c Guangxu 14 [1888] 
300 |a 4 v. 
490 1 |6 880-04  |a Huang Qing jing jie xu bian ;  |v 200-203 
500 |a On double leaves, oriental style, in case. 
500 |a Block print. 
630 0 0 |6 880-05  |a Yi jing. 
710 2 |a Puban Collection. 
880 1 |6 100-01  |a 姚配中,  |d 1792-1845. 
880 1 0 |6 245-02  |a 周易姚氏學 /  |c 姚配中. 
880 |6 260-03  |a [江陰] :  |b 南菁書院,  |c 光緖14 [1888] 
880 1 |6 490-04  |a 皇清經解續編 ;  |v 200-203 
880 0 0 |6 630-05  |a 易經. 
830 0 |6 880-54  |a Huang Qing jing jie xu bian ;  |v 200-203. 
880 0 |6 830-54  |a 皇清經解續編 ;  |v 200-203. 
988 |a 20021111 
906 |0 OCLC